000 00657nam a22002650a 4500
001 PT34673
003 AR-LpoUNG
005 20240216110923.0
008 191001s2006||||sp |||||||||||||||||spa d
020 _a8434863642
_c$11.25
040 _aAR-LpoUNG
_bspa
_cAR-LpoUNG
_eaacr
041 _aspa
044 _asp
082 0 _a808.068 3 52flo
100 1 _aElzbieta
245 1 0 _aFlon-Flon y Musina
250 _a9na. ed.
260 _aMadrid :
_bSM,
_c2006.
300 _a30 p. :
_bil.
505 0 _aSugerido a partir de 6 aƱos (etiqueta AMARILLA)
650 4 _aCUENTOS
653 _aLITERATURA INFANTIL
905 _a34673
942 _cLIB
_2ddc
999 _c2057
_d2057